书目信息 |
| 题名: |
综合布线
|
|
| 作者: | 颜凌云 主编 | |
| 分册: | ||
| 出版信息: | 北京 高等教育出版社 2005.12 |
|
| 页数: | 201页 | |
| 开本: | 26cm | |
| 丛书名: | 银领工程系列 | |
| 单 册: | ||
| 中图分类: | TU855 | |
| 科图分类: | ||
| 主题词: | 智能建筑--zhi neng jian zhu--布线--高等学校--教材 | |
| 电子资源: | ||
| ISBN: | 7-04-018114-2 | |
| 000 | 00869nam 2200253 450 | |
| 001 | 012006807955 | |
| 005 | 20061018163817.89 | |
| 010 | @a7-04-018114-2@dCNY16.70 | |
| 100 | @a20061007d2005 km y0chiy0120 ea | |
| 101 | 0 | @achi |
| 102 | @aCN@b110000 | |
| 105 | @ay a 000yy | |
| 200 | 1 | @a综合布线@Azong he bu xian@f颜凌云主编@Fyan ling yun zhu bian |
| 210 | @a北京@c高等教育出版社@d2005.12 | |
| 215 | @a201页@d26cm | |
| 225 | 2 | @a银领工程系列@Ayin ling gong cheng xi lie |
| 320 | @a有书目 (第201页) | |
| 330 | @a本书兼顾理论和实践,比较系统地阐明了综合布线系统工程设计、施工、监理的注意事项和要点,强调了施工、检测、验收的相关规范。 | |
| 410 | 0 | @12001 @a银领工程系列 |
| 606 | 0 | @a智能建筑@Azhi neng jian zhu@x布线@x高等学校@j教材 |
| 690 | @aTU855@v4 | |
| 701 | 0 | @a颜凌云@Ayan ling yun@4主编 |
| 801 | 0 | @aCN@bQSSK@c20061018 |
| 905 | @a10447@dTU855@eY108 | |
| 综合布线/颜凌云主编.-北京:高等教育出版社,2005.12 |
| 201页;26cm.-(银领工程系列) |
| ISBN 7-04-018114-2:CNY16.70 |
| 本书兼顾理论和实践,比较系统地阐明了综合布线系统工程设计、施工、监理的注意事项和要点,强调了施工、检测、验收的相关规范。 |
| ● |
| 相关链接 |
|
|
|
正题名:综合布线
索取号:TU855/Y108
 
预约/预借
| 序号 | 登录号 | 条形码 | 馆藏地/架位号 | 状态 | 备注 |
| 1 | 223235 | 202232351 | 建筑库201/201建筑库 55排3列3层/ [索取号:TU855/Y108] | 在馆 | |
| 2 | 223236 | 202232360 | 建筑库201/201建筑库 55排3列3层/ [索取号:TU855/Y108] | 在馆 | |
| 3 | 223237 | 202232379 | 建筑库201/201建筑库 55排3列3层/ [索取号:TU855/Y108] | 在馆 |